Statistiques concernant Les Pokémon des champions d'arène et du Conseil 4 d'Unys

Cliquez ici pour prendre le quiz!

Statistiques générales

  • Ce quiz a été pris 42 fois
  • Le résultat moyen est 31 sur 44

Statistiques - réponses

HintRéponse% Correct
Tranchodon
97%
Tranchodon
97%
TcherenPonchiot
94%
Drakkarmin
91%
WatsonDrakkarmin
91%
IneziaEmolga
91%
Manternel
91%
Zeblitz
91%
Lakmécygne
88%
Scobolide
88%
Minotaupe
85%
Karaclée
82%
Lugulabre
82%
Symbios
82%
Bétochef
79%
Crocorible
79%
BardaneEscroco
79%
KunzJudokrak
79%
Ratentif
79%
Scalproie
79%
ArtieCouverdure
76%
PierisLéopardus
76%
Sidérella
76%
Moyade
74%
StryknaSmogo
74%
IrisTrioxhydre
74%
AnisTutankafer
74%
PercilaMushana
71%
Shaofouine
68%
Baggaïd
65%
Crabicoque
62%
Cryptéro
59%
Golemastoc
59%
CarolinaRhinolove
56%
AmanaMégapagos
53%
Galeking
50%
Wailord
47%
Grodrive
44%
Lainergie
44%
Libégon
44%
Lokhlass
44%
Aéroptéryx
41%
Airmure
35%
Sablaireau
32%

Distribution des résultats

Percentile par nombre de réponses

% des personnes avec chaque résultat

Votre développement - résultats

Vous n’avez pas pris ce quiz